Repossessions and auctions (Record no. 81443)

MARC details
000 -LEADER
fixed length control field 00815cab a22001815a 4500
001 - CONTROL NUMBER
control field L147227
008 - FIXED-LENGTH DATA ELEMENTS--GENERAL INFORMATION
fixed length control field 090417s2009 xxkado f s 000 0 eng d
035 ## - SYSTEM CONTROL NUMBER
System control number (Sirsi) u147227
041 0# - LANGUAGE CODE
Language code of text/sound track or separate title eng
245 00 - TITLE STATEMENT
Title Repossessions and auctions
260 ## - PUBLICATION, DISTRIBUTION, ETC.
Date of publication, distribution, etc. 2009
490 #4 - SERIES STATEMENT
Series statement Estate Agent
Volume/sequential designation April 2009, 6-7(2)
520 ## - SUMMARY, ETC.
Summary, etc. Reveals that while most properties taken by lenders are still sold by estate agents, the auction houses are quickly gaining ground. Reviews the changing market situation including a growing trend to fast-track a repossession into auction, where properties have often fetched very low prices. Finds that the re-emergence of repossessed properties in the auction room marks the return of the investor.
590 ## - LOCAL NOTE (RLIN)
Local note KA
651 #4 - SUBJECT ADDED ENTRY--GEOGRAPHIC NAME
Geographic name United Kingdom
Chronological subdivision
690 ## - LOCAL SUBJECT ADDED ENTRY--TOPICAL TERM (OCLC, RLIN)
Topical term or geographic name as entry element Auctioneering
9 (RLIN) 6218
942 ## - ADDED ENTRY ELEMENTS (KOHA)
Suppress in OPAC 0
Holdings
Withdrawn status Lost status Source of classification or shelving scheme Damaged status Not for loan Home library Current library Shelving location Date acquired Total Checkouts Full call number Barcode Date last seen Copy number Price effective from Koha item type
    Dewey Decimal Classification     London London Journal article 17/04/2009   L147227 147227-1001 06/08/2019 1 06/08/2019 Journal article